Sociología del cine /
Presentan un panorama del cine y sus aspectos sociales. Abordan lo que implica como industria, su potencial educativo, su capacidad de reflejar tanto lo cotidiano como los eventos significativos, y fuente de entretenimiento.
Furkejuvvon:
| Váldodahkki: | |
|---|---|
| Eará dahkkit: | |
| Materiálatiipa: | Girji |
| Giella: | espánnjágiella |
| Almmustuhtton: |
México :
Secretaría de Educación Pública : Diana,
1981, c1981
|
| Ráidu: | (SepSetentas ;
110) |
| Fáttát: | |
| Fáddágilkorat: |
Eai fáddágilkorat, Lasit vuosttaš fáddágilkora!
|
MARC
| LEADER | 00000nam^a2200000^a^4500 | ||
|---|---|---|---|
| 001 | 000018114 | ||
| 005 | 20250521000000.0 | ||
| 009 | 20260310084207.073 | ||
| 020 | |a 968-13-0648-1 | ||
| 037 | |a Acervo ITESO - Biblioteca | ||
| 041 | |a ESP | ||
| 082 | |a 302. 23501 |b GOM | ||
| 100 | |a Gomezjara, Francisco |e (autor) | ||
| 245 | 1 | 0 | |a Sociología del cine / |c F. A. Gomezjara, D.S. de Dios. |
| 264 | 4 | |a México : |b Secretaría de Educación Pública : |b Diana, |c 1981, c1981 | |
| 300 | |a 182 p. | ||
| 336 | |a texto |b txt |2 rdacontenido | ||
| 337 | |a sin mediación |b n |2 rdamedio | ||
| 338 | |a volumen |b nc |2 rdasoporte | ||
| 440 | 1 | |a (SepSetentas ; |v 110) | |
| 520 | |a Presentan un panorama del cine y sus aspectos sociales. Abordan lo que implica como industria, su potencial educativo, su capacidad de reflejar tanto lo cotidiano como los eventos significativos, y fuente de entretenimiento. | ||
| 649 | |a XX | ||
| 650 | |a Cine - |x Aspectos Sociales y Culturales - |x Tema Principal | ||
| 650 | |a Cine - |x Función Social | ||
| 650 | |a Cine - |x Función Educativa-Cultural | ||
| 650 | |a Cine - |x Función Entretenimiento y Recreación | ||
| 650 | |a Cine - |x Industria y Comercio | ||
| 650 | |a Medios de Comunicación - |x Aspectos Sociales y Culturales | ||
| 650 | |a Comunicación Visual | ||
| 650 | |a Comunicación Masiva | ||
| 650 | |a Sociología de la Comunicación | ||
| 700 | |a Dios de Puente, Delia Selene de |e (autor) | ||
| 910 | |a Fondo General | ||
| 920 | |a Impresos - Libros | ||
| 930 | |a Colección General | ||
| 905 | |a 101 | ||
| 901 | |a 0181140100 |b IT1 |c ACC |i 018114 |u 20250521 | ||
| 901 | |a 0500013471 |b IT1 |c ACC |u 20250521 | ||
| 902 | |a https://opac.biblio.iteso.mx/vufind/Record/000018114 | ||